00883nam a2200265 i 4500001001000000003000900010005001700019008004100036020001800077040003000095041000800125082003000133100004100163245007200204250002400276264007600300300002800376336002700404337003400431338003000465586004000495650002200535650002700557700003300584000029711DO-SdBNP20250718145200.0110425s2008 dr r 000 f spa d a9789945460681 aDO-SdBNPbspacBNPHUerda aspa 4aRD863.44bM878un 20082221 aMorrison, Mateo,d1947-4aut.eautor10aUn silencio que camina /cMateo Morrison ; edición Alexis Peña. a[Tercera edición] aSanto Domingo, República Dominicana : bEditorial Santuario, c2008. a102 páginas ;c21 cm. atextobtxt2rdacontent asin mediación bn2rdamedia avolumen bnc2rdacarrier  aPremio Nacional de Literatura, 2010 0aNovela dominicana 0aLiteratura dominicana.12aPeña, Alexis,eeditor4ed.